[Event "NOR-chT Club"]
[Site "Kristiansund"]
[Date "2017.10.20"]
[Round "1.9"]
[White "Romanov, Evgeny"]
[Black "Hoem, Audun"]
[Result "1-0"]
[WhiteElo "2626"]
[BlackElo "1786"]
[PlyCount "83"]
[EventDate "2017.10.20"]
[EventType "team-tourn"]
[EventRounds "6"]
[EventCountry "NOR"]
[SourceTitle "CBM 181 Extra"]
[Source "ChessBase"]
[SourceDate "2017.12.12"]
[SourceVersion "1"]
[SourceVersionDate "2017.12.12"]
[SourceQuality "1"]
[WhiteTeam "Valerenga"]
[BlackTeam "Kristiansund Hoem"]
[WhiteTeamCountry "NOR"]
[BlackTeamCountry "NOR"]

1. e4 c5 2. Ne2 Nc6 3. Nbc3 g6 4. d4 cxd4 5. Nxd4 Bg7 6. Nb3 Nf6 7. Be2 0-0 8. 0-0 a6 9. a4 d6 10. Bg5 Bd7 11. f4 Rc8 12. Kh1 Re8 13. Bf3 Be6 14. Nd5 Bxd5 15. exd5 Na5 16. Nxa5 Qxa5 17. c3 Qc5 18. a5 Qb5 19. Qd2 Nd7 20. Be2 Qc5 21. Bh4 Qc7 22. Ra3 e6 23. dxe6 fxe6 24. c4 Nf6 25. Re3 Rcd8 26. b4 Rd7 27. Qa2 Kh8 28. Bf3 e5 29. fxe5 Rxe5 30. Bf2 Rde7 31. Rxe5 dxe5 32. Bb6 Qc8 33. Be2 Ne4 34. Qc2 Nd6 35. Bc5 Rd7 36. Bg4 Nf5 37. Bxf5 gxf5 38. Qxf5 Rd8 39. Qxc8 Rxc8 40. Rf7 Kg8 41. Rxb7 Rd8 42. Kg1 1-0